000 00477cam a2200145u 4500
082 _a621.31924
_bRAP
_cL-10, P-5
100 1 _aRaphael, Francis Charles,
_941489
245 0 4 _aThe electric wiring of buildings,
260 _aLondon,
_aNew York [etc.]
_bSir I. Pitman & sons, ltd.,
_c1930.
300 _ax, 258 p.
_billus., fold. plan.
_c19 cm.
526 _a0
_b0
_c0
_d621_319240000000000_RAP
526 _a0
_b0
_c0
_d621_319240000000000_RAP
650 0 _aMCE
_9379
942 _2ddc
_cBK
999 _c545585
_d545585